[Event "SVK-ch Seniors 65"]
[Site "Tatranske Matliare"]
[Date "2022.05.28"]
[Round "1"]
[White "Nemec, Pavel"]
[Black "Lacha, Jan"]
[Result "1-0"]
[WhiteElo "2178"]
[BlackElo "1767"]
[PlyCount "55"]
[EventDate "2022.05.28"]
[EventType "swiss"]
[EventRounds "9"]
[EventCountry "SVK"]
[SourceTitle "EXT 2024"]
[Source "ChessBase"]
[SourceDate "2023.10.10"]
[SourceVersion "1"]
[SourceVersionDate "2023.10.10"]
[SourceQuality "1"]

1. e4 e6 2. d4 d5 3. e5 c5 4. c3 Qb6 5. Nf3 Bd7 6. b3 cxd4 7. cxd4 Bb5 8. g3 Bb4+ 9. Bd2 Bxf1 10. Kxf1 Nc6 11. Bc1 h5 12. Bb2 Nh6 13. Qd3 Nf5 14. h4 Rc8 15. a3 Be7 16. Nbd2 a5 17. Rc1 Kd7 18. Kg2 Na7 19. Nb1 Rxc1 20. Rxc1 Qd8 21. Nc3 g5 22. Nxd5 gxh4 23. Nxe7 Nxe7 24. Nxh4 Nd5 25. Qf3 Ke8 26. Rc5 Rg8 27. Nf5 exf5 28. Rxd5 1-0

[Event "CZE-ch Amateur"]
[Site "Luhacovice"]
[Date "2022.03.13"]
[Round "2"]
[White "Stary, Lukas"]
[Black "Nemec, Pavel"]
[Result "1/2-1/2"]
[WhiteElo "1856"]
[BlackElo "2223"]
[PlyCount "63"]
[EventDate "2022.03.12"]
[EventType "swiss"]
[EventRounds "9"]
[EventCountry "CZE"]
[SourceTitle "EXT 2023"]
[Source "ChessBase"]
[SourceDate "2022.10.05"]
[SourceVersion "1"]
[SourceVersionDate "2022.10.05"]
[SourceQuality "1"]

1. d4 Nf6 2. Bf4 d5 3. e3 e6 4. Nd2 Bd6 5. Bg3 0-0 6. Ngf3 c5 7. c3 b6 8. Bd3 Ba6 9. Bxa6 Nxa6 10. Qe2 Nc7 11. e4 Be7 12. e5 Nh5 13. Nf1 a5 14. Ne3 c4 15. 0-0 b5 16. a3 b4 17. axb4 Nxg3 18. hxg3 axb4 19. Rfb1 Qd7 20. Ne1 Nb5 21. Rxa8 Rxa8 22. Nd1 Ra2 23. Qe3 Qa7 24. Qc1 f6 25. exf6 Bxf6 26. Nc2 b3 27. Nce3 Nd6 28. Ng4 Ne4 29. Nxf6+ gxf6 30. Ne3 Qf7 31. Qe1 Qg6 32. Nf1 1/2-1/2

[Event "CZE-chT1E 2122"]
[Site "Czech Republic"]
[Date "2022.01.22"]
[Round "6.6"]
[White "Mrazek, Lumir"]
[Black "Nemec, Pavel"]
[Result "0-1"]
[WhiteElo "2303"]
[BlackElo "2226"]
[PlyCount "126"]
[EventDate "2021.10.09"]
[EventType "team-tourn"]
[EventRounds "11"]
[EventCountry "CZE"]
[SourceTitle "EXT 2023"]
[Source "ChessBase"]
[SourceDate "2022.10.05"]
[SourceVersion "1"]
[SourceVersionDate "2022.10.05"]
[SourceQuality "1"]
[WhiteTeam "Orlova Slavia"]
[BlackTeam "Chotebor"]
[WhiteTeamCountry "CZE"]
[BlackTeamCountry "CZE"]

1. e4 c5 2. d4 cxd4 3. c3 d5 4. exd5 Qxd5 5. cxd4 Nc6 6. Be3 e5 7. Nc3 Bb4 8. dxe5 Qxe5 9. Rc1 Nge7 10. Nf3 Qa5 11. Bc4 0-0 12. 0-0 Bg4 13. h3 Ne5 14. hxg4 Nxc4 15. Qe2 Nxe3 16. Qxe3 Bxc3 17. Qxe7 Bxb2 18. Rc5 Qa3 19. Qc7 b6 20. Rh5 Rac8 21. Qh2 Qd3 22. Ng5 h6 23. Rh3 Qc4 24. Nf3 Rfe8 25. Nd2 Qxg4 26. Rg3 Qe6 27. Qh4 Rc3 28. Nf3 Rc4 29. Qh5 Rc5 30. Qh4 Rec8 31. Kh2 Rc4 32. Qh3 Qxh3+ 33. gxh3 Rc1 34. Rxc1 Rxc1 35. Rg4 Rc2 36. Ra4 a5 37. Kg3 Rc3 38. Kf4 Ra3 39. Rxa3 Bxa3 40. Nd4 Kf8 41. f3 Ke8 42. Ke4 g6 43. Kd5 Kd7 44. Nc6 Bb2 45. a4 g5 46. Nb8+ Kc7 47. Nc6 b5 48. axb5 Kb6 49. Kc4 a4 50. Nb4 a3 51. Nd5+ Ka5 52. Nb4 h5 53. Kc5 Bd4+ 54. Kc4 Be3 55. Nc6+ Ka4 56. Nb4 f5 57. Na2 g4 58. fxg4 fxg4 59. hxg4 hxg4 60. Nc3+ Ka5 61. Kb3 Bc5 62. Ka2 g3 63. Ne4 g2 0-1

[Event "CZE-chT1E 2122"]
[Site "Czech Republic"]
[Date "2021.10.10"]
[Round "2.5"]
[White "Roubalik, Jakub"]
[Black "Nemec, Pavel"]
[Result "1-0"]
[WhiteElo "2391"]
[BlackElo "2226"]
[PlyCount "61"]
[EventDate "2021.10.09"]
[EventType "team-tourn"]
[EventRounds "11"]
[EventCountry "CZE"]
[SourceTitle "EXT 2023"]
[Source "ChessBase"]
[SourceDate "2022.10.05"]
[SourceVersion "1"]
[SourceVersionDate "2022.10.05"]
[SourceQuality "1"]
[WhiteTeam "Hostalkova"]
[BlackTeam "Chotebor"]
[WhiteTeamCountry "CZE"]
[BlackTeamCountry "CZE"]

1. d4 Nf6 2. c4 g6 3. Nc3 Bg7 4. e4 d6 5. Nge2 0-0 6. Ng3 e5 7. d5 a5 8. Be2 Na6 9. h4 h5 10. Bg5 Qe8 11. Qd2 Nc5 12. 0-0-0 Ng4 13. Bxg4 Bxg4 14. f3 Bd7 15. Be3 a4 16. Bxc5 dxc5 17. a3 Qd8 18. Nge2 Qf6 19. Kb1 Qa6 20. Qd3 Rfb8 21. Nb5 Qb6 22. g4 hxg4 23. h5 gxf3 24. Qxf3 Bxb5 25. cxb5 g5 26. h6 Bxh6 27. d6 Bg7 28. Ng3 cxd6 29. Nf5 d5 30. Qh5 Kf8 31. Qh8+ 1-0

[Event "EUR-ch Seniors 50"]
[Site "Prague"]
[Date "2021.08.31"]
[Round "2.1"]
[White "Nemec, Pavel"]
[Black "Richtrova, Eliska"]
[Result "1-0"]
[WhiteElo "2213"]
[BlackElo "2186"]
[PlyCount "81"]
[EventDate "2021.08.30"]
[EventType "team-tourn"]
[EventRounds "9"]
[EventCountry "CZE"]
[SourceTitle "CBM 204 Extra"]
[Source "ChessBase"]
[SourceDate "2021.11.30"]
[SourceVersion "1"]
[SourceVersionDate "2021.11.30"]
[SourceQuality "1"]
[WhiteTeam "Pardubice Bohemia 50"]
[BlackTeam "Czech Republic (Women) 50"]
[WhiteTeamCountry "CZE"]
[BlackTeamCountry "CZE"]

1. e4 d6 2. d4 Nf6 3. Nc3 g6 4. f4 Bg7 5. Nf3 0-0 6. Bd3 Na6 7. 0-0 c5 8. d5 Nc7 9. Qe1 e6 10. dxe6 Nxe6 11. f5 Nd4 12. Qh4 Nd7 13. Bg5 Bf6 14. fxg6 hxg6 15. Bxf6 Qxf6 16. Ng5 Qh8 17. Qxh8+ Kxh8 18. Nxf7+ Kg7 19. Nxd6 Ne5 20. Rxf8 Kxf8 21. Nc4 Ndc6 22. Rf1+ Kg7 23. Nd5 b5 24. Nxe5 Nxe5 25. Nc7 Rb8 26. Bxb5 a6 27. Bxa6 Bxa6 28. Nxa6 Rxb2 29. Nxc5 Rxc2 30. Ne6+ Kh6 31. Ra1 Nc4 32. a4 Re2 33. Nc5 Ne3 34. a5 Rxg2+ 35. Kh1 Rc2 36. a6 Nc4 37. Nd7 Nd2 38. Ne5 Rc8 39. a7 Ra8 40. Nc6 Nxe4 41. Rb1 1-0

[Event "Prague Summer op-A 8th"]
[Site "Prague"]
[Date "2021.08.13"]
[Round "9"]
[White "Jurcik, Marian"]
[Black "Nemec, Pavel"]
[Result "1-0"]
[WhiteElo "2419"]
[BlackElo "2213"]
[PlyCount "83"]
[EventDate "2021.08.06"]
[EventType "swiss"]
[EventRounds "9"]
[EventCountry "CZE"]
[SourceTitle "CBM 203 Extra"]
[Source "ChessBase"]
[SourceDate "2021.09.30"]
[SourceVersion "1"]
[SourceVersionDate "2021.09.30"]
[SourceQuality "1"]

1. e4 c5 2. Nf3 d6 3. d4 cxd4 4. Qxd4 Nc6 5. Bb5 Bd7 6. Qd3 Rc8 7. c4 g6 8. 0-0 Bg7 9. Nc3 Nf6 10. h3 0-0 11. Be3 a6 12. Bxc6 Bxc6 13. Nd4 Nd7 14. Rac1 Nc5 15. Qb1 e5 16. Nxc6 bxc6 17. Bxc5 dxc5 18. Rcd1 Qe7 19. Rd3 Rcd8 20. Rfd1 Rd4 21. b3 Qh4 22. Qc2 f5 23. exf5 gxf5 24. Ne2 Kh8 25. Nxd4 cxd4 26. c5 Qf6 27. f4 Bh6 28. fxe5 Qxe5 29. Rf3 Be3+ 30. Kh1 f4 31. b4 Rd8 32. Qd3 Qd5 33. a3 a5 34. bxa5 Qxc5 35. a6 Qd5 36. Rb1 Rd7 37. Rb7 Qf7 38. a7 Rxb7 39. a8Q+ Kg7 40. Qd8 Qg6 41. Rxe3 dxe3 42. Q3d4+ 1-0

[Event "Prague Summer op-A 8th"]
[Site "Prague"]
[Date "2021.08.12"]
[Round "8"]
[White "Nemec, Pavel"]
[Black "Stalmach, Richard"]
[Result "0-1"]
[WhiteElo "2213"]
[BlackElo "2305"]
[PlyCount "106"]
[EventDate "2021.08.06"]
[EventType "swiss"]
[EventRounds "9"]
[EventCountry "CZE"]
[SourceTitle "CBM 203 Extra"]
[Source "ChessBase"]
[SourceDate "2021.09.30"]
[SourceVersion "1"]
[SourceVersionDate "2021.09.30"]
[SourceQuality "1"]

1. e4 c5 2. Nf3 e6 3. c3 Nf6 4. e5 Nd5 5. d4 cxd4 6. cxd4 d6 7. Bb5+ Bd7 8. Bxd7+ Nxd7 9. 0-0 Be7 10. exd6 Bxd6 11. Nc3 Nxc3 12. bxc3 Nb6 13. c4 Be7 14. Rb1 Qc7 15. Ne5 0-0 16. Bf4 Rfd8 17. Ng6 Bd6 18. Bxd6 Qxd6 19. c5 Qxd4 20. Ne7+ Kf8 21. Qh5 Kxe7 22. cxb6 axb6 23. Rbd1 Rd5 24. Qf3 Qc5 25. Qg3 Kf8 26. Rc1 Qd6 27. Qb3 h6 28. h3 Kg8 29. Rc4 b5 30. Rc3 Qf4 31. Qc2 Rad8 32. a3 Rd2 33. Qb1 Qd4 34. Rc7 Qa4 35. Qb4 Qxb4 36. axb4 Rb2 37. Rxb7 Rxb4 38. Rc1 Rb2 39. Re7 g6 40. g4 Rdd2 41. f4 Rg2+ 42. Kh1 Rh2+ 43. Kg1 Rbg2+ 44. Kf1 Rf2+ 45. Kg1 Rhg2+ 46. Kh1 Rg3 47. f5 gxf5 48. g5 hxg5 49. Rc8+ Kg7 50. Rcc7 Kg6 51. Rxf7 Rxh3+ 52. Kg1 Rb2 53. Rg7+ Kh5 0-1

[Event "Prague op"]
[Site "Prague"]
[Date "2021.06.19"]
[Round "8"]
[White "Nemec, Pavel"]
[Black "Finek, Vaclav"]
[Result "1/2-1/2"]
[WhiteElo "2235"]
[BlackElo "2359"]
[PlyCount "31"]
[EventDate "2021.06.14"]
[EventType "swiss"]
[EventRounds "9"]
[EventCountry "CZE"]
[SourceTitle "CBM 203 Extra"]
[Source "ChessBase"]
[SourceDate "2021.09.30"]
[SourceVersion "1"]
[SourceVersionDate "2021.09.30"]
[SourceQuality "1"]

1. e4 c5 2. Nf3 e6 3. c3 Nf6 4. e5 Nd5 5. d4 cxd4 6. cxd4 d6 7. Nc3 Nc6 8. Bb5 Bd7 9. Nxd5 exd5 10. Bxc6 Bxc6 11. 0-0 Be7 12. Bf4 0-0 13. Qd2 dxe5 14. dxe5 Qd7 15. Nd4 Bc5 16. Rac1 1/2-1/2

[Event "CZE-ch"]
[Site "Plzen"]
[Date "2020.08.29"]
[Round "7"]
[White "Nemec, Pavel"]
[Black "Stalmach, Richard"]
[Result "1-0"]
[WhiteElo "2243"]
[BlackElo "2273"]
[PlyCount "73"]
[EventDate "2020.08.23"]
[EventType "swiss"]
[EventRounds "9"]
[EventCountry "CZE"]
[SourceTitle "CBM 198 Extra"]
[Source "ChessBase"]
[SourceDate "2020.11.30"]
[SourceVersion "1"]
[SourceVersionDate "2020.11.30"]
[SourceQuality "1"]

1. e4 c5 2. Nf3 e6 3. d4 cxd4 4. Nxd4 Nc6 5. Nc3 Nf6 6. Nxc6 bxc6 7. e5 Nd5 8. Ne4 Qc7 9. f4 f5 10. exf6 gxf6 11. Bd3 Qb6 12. a3 Be7 13. Qh5+ Kd8 14. Qe2 Rg8 15. c4 f5 16. Ng5 Nf6 17. Bd2 c5 18. 0-0-0 Bb7 19. Rhe1 h6 20. Bxf5 hxg5 21. fxg5 Rb8 22. gxf6 Bxf6 23. Ba5 Qxa5 24. Rxd7+ Kc8 25. Qxe6 Bxb2+ 26. Kb1 Be4+ 27. Qxe4 Qxe1+ 28. Qxe1 Bc3+ 29. Rb7+ Kxb7 30. Qxc3 Rxg2 31. Kc1 Ka6 32. Qf6+ Ka5 33. Qd6 Rbb2 34. Qxc5+ Ka4 35. Qe3 a5 36. Bd7+ Rb5 37. Bxb5# 1-0

[Event "CZE-ch"]
[Site "Plzen"]
[Date "2020.08.28"]
[Round "6"]
[White "Simet, Martin"]
[Black "Nemec, Pavel"]
[Result "0-1"]
[WhiteElo "2194"]
[BlackElo "2243"]
[PlyCount "64"]
[EventDate "2020.08.23"]
[EventType "swiss"]
[EventRounds "9"]
[EventCountry "CZE"]
[SourceTitle "CBM 198 Extra"]
[Source "ChessBase"]
[SourceDate "2020.11.30"]
[SourceVersion "1"]
[SourceVersionDate "2020.11.30"]
[SourceQuality "1"]

1. e4 c5 2. Nf3 e6 3. d4 cxd4 4. Nxd4 a6 5. Nc3 d6 6. Be2 Nf6 7. Be3 Nbd7 8. f4 Qc7 9. a4 b6 10. Bf3 Bb7 11. Qe2 Be7 12. 0-0 0-0 13. Rae1 Rac8 14. Kh1 Qb8 15. Bd2 Rfd8 16. e5 Ne8 17. f5 Bxf3 18. Rxf3 Nxe5 19. fxe6 fxe6 20. Rh3 Nf6 21. Nxe6 Rd7 22. Ne4 Rxc2 23. Rf1 Qc8 24. Nxf6+ Bxf6 25. Qh5 g6 26. Qd1 Rf7 27. Nf4 Rc4 28. Nd5 Qe6 29. Nxb6 Rd4 30. Qe1 Bd8 31. Rxf7 Qxf7 32. Ba5 Nd3 0-1

[Event "CZE-ch"]
[Site "Plzen"]
[Date "2020.08.24"]
[Round "2"]
[White "Vojta, Jakub"]
[Black "Nemec, Pavel"]
[Result "1/2-1/2"]
[WhiteElo "2093"]
[BlackElo "2243"]
[PlyCount "80"]
[EventDate "2020.08.23"]
[EventType "swiss"]
[EventRounds "9"]
[EventCountry "CZE"]
[SourceTitle "CBM 198 Extra"]
[Source "ChessBase"]
[SourceDate "2020.11.30"]
[SourceVersion "1"]
[SourceVersionDate "2020.11.30"]
[SourceQuality "1"]

1. e4 c5 2. Nf3 d6 3. d4 cxd4 4. Nxd4 Nf6 5. f3 Nc6 6. c4 e6 7. Nc3 Be7 8. Be3 0-0 9. Be2 d5 10. Nxc6 bxc6 11. 0-0 dxe4 12. fxe4 e5 13. Kh1 Qxd1 14. Rfxd1 Be6 15. Rac1 Bb4 16. b3 Rfd8 17. Bf3 Rxd1+ 18. Nxd1 a5 19. Nc3 Rd8 20. Rd1 Rxd1+ 21. Nxd1 Nd7 22. Nf2 Bc5 23. Bxc5 Nxc5 24. Bd1 Nd7 25. Bc2 Kf8 26. Kg1 Ke7 27. Nd3 c5 28. Nb2 g6 29. Nd1 f5 30. Ne3 f4 31. Nd5+ Kd6 32. Kf2 Nb8 33. Bd1 Nc6 34. g3 g5 35. h4 h6 36. hxg5 hxg5 37. g4 Nd4 38. Nf6 Bd7 39. Nxd7 Kxd7 40. a4 Kd6 1/2-1/2